| 000 | 00917cam a2200217 a 4500 | ||
|---|---|---|---|
| 020 | _a0471443948 (acidfree paper) | ||
| 040 | _cDLC | ||
| 082 | 0 | 0 | _a978 JOH 2003 A099 Or. |
| 100 | 1 | _aKing, David C. | |
| 245 | 1 | 0 | _aWestward expansion / |
| 260 |
_aHoboken, N.J. : _bJohn Wiley & Sons, _cc2003. |
||
| 300 |
_axi, 132 p. : _bill., maps ; _c25 cm. |
||
| 520 | _aUses letters, excerpts from journals and diaries, newspaper articles, and other primary source material to provide a look at life during the second half of the nineteenth century when many Americans moved westward. | ||
| 650 | 0 | _aFrontier and pioneer life | |
| 650 | 0 | _aPioneers | |
| 650 | 1 | _aFrontier and pioneer life | |
| 856 | 4 | 2 | _uhttp://www.loc.gov/catdir/bios/wiley043/2003043277.html |
| 856 | 4 | 2 | _uhttp://www.loc.gov/catdir/description/wiley036/2003043277.html |
| 856 | 4 | 1 | _uhttp://www.loc.gov/catdir/toc/wiley032/2003043277.html |
| 942 | _cEK | ||
| 999 |
_c12572 _d12572 |
||